[Event "PRO League Group Stage"]
[Site "chess.com INT"]
[Date "2020.01.08"]
[Round "1"]
[White "Aravindh, Chithambaram VR."]
[Black "Plenca, Jadranko"]
[Result "1/2-1/2"]
[WhiteTitle "GM"]
[BlackTitle "IM"]
[WhiteElo "2630"]
[BlackElo "2463"]
[WhiteTeam "India Yogis"]
[BlackTeam "Croatia Bulldogs"]
[WhiteFideId "5072786"]
[BlackFideId "14527146"]
[EventDate "2020.01.06"]

1. Nf3 d5 2. d4 Nf6 3. c4 e6 4. Bg5 Be7 5. e3 Nbd7 6. Nbd2 h6 7. Bh4 O-O 8. Bd3
c5 9. O-O b6 10. cxd5 Nxd5 11. Bg3 Bb7 12. Rc1 cxd4 13. Nxd4 Nc5 14. Bb1 Rc8 15.
Nc4 Nf6 16. Nb5 Ra8 17. f3 a6 18. Nc7 Rc8 19. Nxb6 Rxc7 20. Qxd8 Bxd8 21. b4
Ncd7 22. Bxc7 Nxb6 23. Rfd1 Bxc7 24. Rxc7 Ba8 25. e4 Rb8 26. Bd3 Bb7 27. Bc2 Kf8
28. a4 Ne8 29. Rc3 Ke7 30. a5 Nd7 31. Ba4 Ne5 32. f4 Ng6 33. Rd7+ Kf8 34. Rxb7
Rxb7 35. Rc8 Ke7 36. Rxe8+ Kd6 37. Rd8+ Ke7 38. Re8+ Kd6 39. Ra8 Rxb4 40. Rxa6+
Kc5 41. Be8 Kd4 42. g3 Rb1+ 43. Kg2 Rb2+ 44. Kh3 Nh8 45. Rb6 Ra2 46. a6 Kxe4 47.
Bb5 g5 48. Bc6+ Kd4 49. Rb4+ Kc5 50. Ra4 Rxa4 51. Bxa4 Kb6 52. Kg4 gxf4 53. gxf4
Kxa6 54. Bc2 Ng6 55. f5 exf5+ 56. Bxf5 Ne5+ 57. Kh5 Nf3 58. h3 Ng5 59. Kxh6 Nxh3
60. Bxh3 Kb6 61. Kg7 Kc5 62. Kxf7 1/2-1/2

[Event "PRO League Group Stage"]
[Site "chess.com INT"]
[Date "2020.01.08"]
[Round "1"]
[White "Praggnanandhaa, R"]
[Black "Tica, Sven"]
[Result "1-0"]
[WhiteTitle "GM"]
[BlackTitle "IM"]
[WhiteElo "2602"]
[BlackElo "2398"]
[WhiteTeam "India Yogis"]
[BlackTeam "Croatia Bulldogs"]
[WhiteFideId "25059530"]
[BlackFideId "14526948"]
[EventDate "2020.01.06"]

1. Nf3 d5 2. g3 Nf6 3. Bg2 e6 4. O-O Be7 5. c4 O-O 6. Ne5 c6 7. d4 b6 8. Nc3 Bb7
9. e4 dxc4 10. Nxc4 b5 11. Ne3 b4 12. Na4 Nbd7 13. b3 Rc8 14. Bb2 Qc7 15. Rc1
Qb8 16. Qe2 Rfd8 17. Rfd1 a5 18. d5 cxd5 19. Rxc8 Qxc8 20. exd5 Nc5 21. Bxf6
gxf6 22. Rc1 Ba6 23. Qg4+ Kf8 24. Qh4 Kg7 25. Qg4+ Kf8 26. Qh5 Bd3 27. Nxc5 Bg6
28. Nxe6+ fxe6 29. Qh6+ Kg8 30. Rxc8 Rxc8 31. Nc4 a4 32. d6 axb3 33. axb3 Bd8
34. Qd2 Rb8 35. h4 Kf7 36. Qd4 Bc2 37. Qa7+ 1-0

[Event "PRO League Group Stage"]
[Site "chess.com INT"]
[Date "2020.01.08"]
[Round "1"]
[White "Navara, David"]
[Black "Andriasian, Zaven"]
[Result "0-1"]
[WhiteTitle "GM"]
[BlackTitle "GM"]
[WhiteElo "2717"]
[BlackElo "2611"]
[WhiteTeam "Hungary Hunters"]
[BlackTeam "Armenia Eagles"]
[WhiteFideId "309095"]
[BlackFideId "13302000"]
[EventDate "2020.01.06"]

1. d4 d5 2. c4 c6 3. Nf3 Nf6 4. Nc3 dxc4 5. a4 Bf5 6. Ne5 Nbd7 7. Nxc4 Qc7 8.
Bg5 e5 9. e3 Be7 10. Be2 O-O 11. O-O Rad8 12. Qb3 Be6 13. a5 Rfe8 14. Qc2 Nd5
15. Bxe7 Rxe7 16. Rfd1 exd4 17. Rxd4 N7f6 18. Rad1 Red7 19. Na4 c5 20. R4d2 b5
21. axb6 axb6 22. Nc3 Nb4 23. Rxd7 Rxd7 24. Qa4 Rxd1+ 25. Qxd1 g6 26. Nb5 Qb8
27. h3 h5 28. b3 Nd7 29. Qa1 Nc6 30. f4 Qd8 31. Bf3 Nb4 32. Nbd6 Qe7 33. f5 Bxc4
34. Nxc4 b5 35. fxg6 fxg6 36. Qa8+ Kg7 37. Na3 Qxe3+ 38. Kh2 Qe5+ 39. Kg1 Qd4+
40. Kh2 c4 41. bxc4 bxc4 42. Qb7 c3 43. Nb5 Qf4+ 44. g3 Qd2+ 45. Bg2 c2 46. Qe4
c1=Q 47. Qe7+ Kg8 48. Nd6 Qf1 49. Qe6+ Kh8 50. Qe8+ Nf8 51. Qe5+ Kg8 52. Qe4
Qfxg2+ 53. Qxg2 Qxd6 54. Qe4 Nd5 55. Qd3 h4 56. Kh1 hxg3 0-1

[Event "PRO League Group Stage"]
[Site "chess.com INT"]
[Date "2020.01.08"]
[Round "1"]
[White "Gledura, Benjamin"]
[Black "Martirosyan, Haik M."]
[Result "0-1"]
[WhiteTitle "GM"]
[BlackTitle "GM"]
[WhiteElo "2626"]
[BlackElo "2613"]
[WhiteTeam "Hungary Hunters"]
[BlackTeam "Armenia Eagles"]
[WhiteFideId "712779"]
[BlackFideId "13306553"]
[EventDate "2020.01.06"]

1. Nf3 d5 2. g3 Nc6 3. d4 Bf5 4. Bg2 Nb4 5. Na3 e6 6. O-O Be7 7. c3 Nc6 8. c4
Nf6 9. Qb3 Rb8 10. cxd5 exd5 11. Nb5 a6 12. Nc3 O-O 13. Bg5 Ne4 14. Bxe7 Nxe7
15. Rac1 c6 16. Qa3 Nd6 17. b3 Re8 18. Na4 Ng6 19. e3 h5 20. Nc5 h4 21. Qb2 Qf6
22. a4 Re7 23. a5 Rbe8 24. Rfe1 Ne4 25. b4 Bc8 26. Nd3 h3 27. Bh1 Nf8 28. Nfe5
Nd6 29. Nf4 g5 30. Nfd3 Qh6 31. Qe2 Nh7 32. Nxc6 bxc6 33. Rxc6 Rd8 34. Nc5 Nf6
35. Nxa6 Bb7 36. Rcc1 Nf5 37. Nc5 Nxd4 38. Qb2 Nb5 39. Nxb7 Rxb7 40. Rc6 Nd6 41.
a6 Rbb8 42. a7 Ra8 43. Ra1 Qg7 44. b5 Nfe4 45. Qxg7+ Kxg7 46. b6 Rd7 47. Rd1 Rb7
48. f3 Nc8 49. fxe4 Nxb6 50. exd5 Raxa7 51. d6 Nd7 52. Bf3 Ne5 53. Bd5 Nxc6 54.
Bxc6 Rb8 55. Be4 Ra5 56. d7 Rd8 57. g4 Re5 58. Bf5 Rxe3 59. Kf2 Ra3 60. Re1 Kf6
61. Re8 Raa8 62. Re3 Ra5 63. Rd3 Rxf5+ 64. gxf5 Kxf5 65. Kg3 Ke6 66. Kxh3 f5 67.
Re3+ Kxd7 68. Re5 Rf8 69. Kg3 Kd6 70. Re2 Kd5 71. h3 Kd4 72. Re7 Ra8 73. Rd7+
Ke5 74. Re7+ Kf6 75. Rb7 Ra3+ 76. Kg2 Kg6 77. Rb8 f4 78. Rg8+ Kf5 79. Rf8+ Ke4
80. Re8+ Kd3 81. Re5 Kd2 82. Rxg5 Ke2 83. Re5+ Re3 84. Rf5 f3+ 85. Kg3 Re8 86.
h4 Rg8+ 87. Kf4 f2 88. Ke5 Rh8 89. h5 f1=Q 0-1

[Event "PRO League Group Stage"]
[Site "chess.com INT"]
[Date "2020.01.08"]
[Round "1"]
[White "Petrosian, Tigran L."]
[Black "Prohaszka, Peter2"]
[Result "1-0"]
[WhiteTitle "GM"]
[BlackTitle "GM"]
[WhiteElo "2601"]
[BlackElo "2587"]
[WhiteTeam "Armenia Eagles"]
[BlackTeam "Hungary Hunters"]
[WhiteFideId "13301616"]
[BlackFideId "726265"]
[EventDate "2020.01.06"]

1. Nf3 d5 2. g3 Bg4 3. Bg2 c6 4. h3 Bh5 5. d3 Nf6 6. Nbd2 e6 7. e4 Be7 8. O-O
O-O 9. b3 a5 10. a3 Nfd7 11. Qe1 Bg6 12. Bb2 Bf6 13. e5 Be7 14. Nd4 c5 15. Ne2
a4 16. Nf4 Nc6 17. Nxg6 hxg6 18. c4 axb3 19. cxd5 exd5 20. e6 Bf6 21. exf7+ Kh8
22. Bxf6 Nxf6 23. Nxb3 Qd6 24. Qe3 b6 25. Qg5 Ne7 26. Nd2 Nh7 27. Qg4 Rxf7 28.
Nc4 Qf6 29. Rab1 Rb8 30. Ne3 Qd6 31. a4 Rbf8 32. d4 Nf6 33. Qh4+ Kg8 34. dxc5
bxc5 35. a5 Qa6 36. Qa4 d4 37. Nc4 Nfd5 38. Qb5 Qa7 39. Qb7 Qxb7 40. Rxb7 Nc3
41. a6 Ned5 42. Rxf7 Rxf7 43. Ra1 Ra7 44. Ra5 d3 45. Rxc5 Nb4 46. Rc8+ Kh7 47.
Rd8 Rxa6 48. h4 Ra1+ 49. Kh2 Ra2 50. Kg1 Rc2 51. Ne5 d2 52. Bf3 Rc1+ 53. Kg2
d1=Q 54. Bxd1 Rxd1 55. Rc8 Nbd5 56. Nf7 g5 57. h5 g6 58. h6 Ne3+ 59. fxe3 Rd2+
60. Kh3 g4+ 61. Kxg4 g5 62. Kh5 Rh2+ 63. Kxg5 Ne4+ 64. Kf5 Nxg3+ 65. Kg4 Nf1 66.
Ng5+ Kg6 67. Rc6# 1-0

[Event "PRO League Group Stage"]
[Site "chess.com INT"]
[Date "2020.01.08"]
[Round "1"]
[White "Sargsyan, Shant"]
[Black "Antal, Gergely"]
[Result "1-0"]
[WhiteTitle "GM"]
[BlackTitle "GM"]
[WhiteElo "2601"]
[BlackElo "2563"]
[WhiteTeam "Armenia Eagles"]
[BlackTeam "Hungary Hunters"]
[WhiteFideId "13306766"]
[BlackFideId "717312"]
[EventDate "2020.01.06"]

1. e4 c6 2. Nf3 d5 3. d3 Bg4 4. h3 Bxf3 5. Qxf3 e6 6. g3 Nd7 7. Bg2 Bc5 8. O-O
Ne7 9. c3 O-O 10. Nd2 f5 11. exd5 exd5 12. d4 Bd6 13. Qe2 Kh8 14. Nf3 Ng6 15.
Bg5 Qc7 16. Rae1 h6 17. Bc1 Nf6 18. Qe6 Qd7 19. Qxd7 Nxd7 20. h4 Rf7 21. Re6 Rf6
22. Rfe1 Ngf8 23. Rxf6 Nxf6 24. Bh3 f4 25. Ne5 Kg8 26. Bxf4 Re8 27. Kf1 Ne4 28.
f3 Bxe5 29. dxe5 Nc5 30. Bf5 Kf7 31. h5 Nce6 32. Be3 b6 33. f4 Rd8 34. Rd1 Ke7
35. Kf2 c5 36. Kf3 Kf7 37. g4 Ke7 38. Bf2 d4 39. Bh4+ 1-0

[Event "PRO League Group Stage"]
[Site "chess.com INT"]
[Date "2020.01.08"]
[Round "1"]
[White "Ipatov, Alexander"]
[Black "Fridman, Daniel"]
[Result "0-1"]
[WhiteTitle "GM"]
[BlackTitle "GM"]
[WhiteElo "2631"]
[BlackElo "2622"]
[WhiteTeam "Turkey Knights"]
[BlackTeam "Israel Counsellors"]
[WhiteFideId "14116731"]
[BlackFideId "11600454"]
[EventDate "2020.01.06"]

1. d4 d5 2. c4 e6 3. Nf3 Nf6 4. Bg5 Be7 5. Nc3 h6 6. Bxf6 Bxf6 7. e3 O-O 8. Qc2
c5 9. dxc5 dxc4 10. Bxc4 Nd7 11. c6 Ne5 12. Nxe5 Bxe5 13. Be2 Qc7 14. Bf3 bxc6
15. g3 Ba6 16. Be2 Qa5 17. f4 Bf6 18. Kf2 Bxe2 19. Qxe2 Rab8 20. Rhc1 Rfd8 21.
Rc2 Rxb2 22. Rxb2 Bxc3 23. Rab1 Bxb2 24. Rxb2 Qd5 25. Rb1 c5 26. Rc1 Rc8 27. Rd1
Qe4 28. Qf3 Qa4 29. Rd2 Rb8 30. h4 c4 31. Qe4 Qa5 32. Rc2 c3 33. Qd4 Rc8 34. g4
Qc7 35. h5 Qb7 36. Qd3 Qb1 37. Kg3 a5 38. g5 hxg5 39. fxg5 Qg1+ 40. Kh4 Rc5 41.
Qd8+ Kh7 42. Qd3+ Rf5 43. Rxc3 Qxg5+ 44. Kh3 Qxh5+ 0-1

[Event "PRO League Group Stage"]
[Site "chess.com INT"]
[Date "2020.01.08"]
[Round "1"]
[White "Yilmaz, Mustafa"]
[Black "Postny, Evgeny"]
[Result "1-0"]
[WhiteTitle "GM"]
[BlackTitle "GM"]
[WhiteElo "2607"]
[BlackElo "2608"]
[WhiteTeam "Turkey Knights"]
[BlackTeam "Israel Counsellors"]
[WhiteFideId "6302718"]
[BlackFideId "2804344"]
[EventDate "2020.01.06"]

1. d4 d5 2. Nf3 Nf6 3. c4 c6 4. cxd5 cxd5 5. Nc3 Nc6 6. Bf4 a6 7. e3 Bg4 8. Be2
e6 9. O-O Be7 10. Rc1 O-O 11. h3 Bxf3 12. Bxf3 Rc8 13. Na4 Nd7 14. Be2 h6 15.
Bd3 b5 16. Nc3 Bg5 17. Ne2 Bxf4 18. Nxf4 Nf6 19. Bb1 Qd6 20. Nd3 Ne4 21. f3 Ng3
22. Re1 e5 23. dxe5 Nxe5 24. Rxc8 Rxc8 25. Nf4 Nc4 26. Qd4 Qb4 27. Kf2 Re8 28.
a3 Qa5 29. Rc1 Rxe3 30. Qxe3 Ne4+ 31. Bxe4 dxe4 32. Rxc4 bxc4 33. Qd4 exf3 34.
Kxf3 Qf5 35. Kg3 g5 36. Nh5 Kf8 37. Qd8# 1-0

[Event "PRO League Group Stage"]
[Site "chess.com INT"]
[Date "2020.01.08"]
[Round "1"]
[White "Roiz, Michael"]
[Black "Can, Emre"]
[Result "1/2-1/2"]
[WhiteTitle "GM"]
[BlackTitle "GM"]
[WhiteElo "2598"]
[BlackElo "2600"]
[WhiteTeam "Israel Counsellors"]
[BlackTeam "Turkey Knights"]
[WhiteFideId "2804158"]
[BlackFideId "6302181"]
[EventDate "2020.01.06"]

1. Nf3 c5 2. c4 g6 3. d4 Bg7 4. e4 d6 5. d5 e6 6. Bd3 exd5 7. cxd5 Nf6 8. O-O
O-O 9. Re1 a6 10. h3 Nh5 11. a4 Nd7 12. Nbd2 Re8 13. Rb1 Rb8 14. b3 b5 15. axb5
axb5 16. Bb2 Bxb2 17. Rxb2 Qf6 18. Ra2 Ne5 19. Bf1 Nxf3+ 20. Nxf3 Nf4 21. Re3 g5
22. Nxg5 Kh8 23. Nf3 Rg8 24. Kh2 Qh6 25. Ng1 Bd7 26. Ra7 Rgd8 27. Qa1+ Qg7 28.
Qxg7+ Kxg7 29. g3 Ng6 30. f4 Ra8 31. Rb7 Rab8 32. Rc7 Rbc8 33. Rb7 Rb8 34. Rxb8
Rxb8 35. e5 Ne7 36. exd6 Nxd5 37. Re5 Nf6 38. Rxc5 Rb6 39. Nf3 Ne4 40. Rd5 Nxd6
41. Nd4 Be6 42. Nxe6+ fxe6 43. Re5 Kf6 44. g4 b4 45. Bd3 Rc6 46. g5+ Kf7 47.
Bxh7 Rc3 48. f5 exf5 49. Bxf5 Nxf5 50. Rxf5+ Kg6 51. Rb5 Rxb3 52. h4 Kh5 53. Kg2
Kxh4 54. g6 Rg3+ 55. Kf2 Rxg6 56. Rxb4+ Rg4 57. Rxg4+ Kxg4 1/2-1/2

[Event "PRO League Group Stage"]
[Site "chess.com INT"]
[Date "2020.01.08"]
[Round "1"]
[White "Mikhalevski, Victor"]
[Black "Solak, Dragan"]
[Result "1-0"]
[WhiteTitle "GM"]
[BlackTitle "GM"]
[WhiteElo "2571"]
[BlackElo "2594"]
[WhiteTeam "Israel Counsellors"]
[BlackTeam "Turkey Knights"]
[WhiteFideId "2801914"]
[BlackFideId "916811"]
[EventDate "2020.01.06"]

1. c4 c6 2. d4 d5 3. cxd5 cxd5 4. Bg5 h6 5. Bh4 Qb6 6. Nc3 e6 7. Qd2 Ne7 8. f3
Ng6 9. Bf2 Be7 10. e4 Bg5 11. Qc2 Nc6 12. h4 Be7 13. h5 Nf8 14. exd5 Nb4 15. Qb3
Nxd5 16. Nxd5 exd5 17. Ne2 Be6 18. Nc3 Nd7 19. Bb5 Qd6 20. O-O O-O 21. Rfe1 Nf6
22. Re5 Qb6 23. Rae1 a6 24. Bc4 Qxb3 25. Bxb3 Rfd8 26. g4 Rac8 27. Kg2 Bb4 28.
R5e3 Rc6 29. R1e2 Bxc3 30. bxc3 Rdc8 31. Be1 b5 32. Rb2 Ne8 33. a4 Nd6 34. axb5
axb5 35. Ra2 Nc4 36. Ree2 Bd7 37. Re7 Be8 38. Bg3 Re6 39. Rxe6 fxe6 40. Ra6 Nd2
41. Bd1 Rxc3 42. Rxe6 Bf7 43. Rb6 Nc4 44. Rb8+ Kh7 45. Bf4 g5 46. hxg6+ Kxg6 47.
Kf2 h5 48. gxh5+ Kxh5 49. Rxb5 Kg6 50. Rc5 Be6 51. Rc6 Kf7 52. Rc7+ Kf6 53. Be5+
Kf5 54. Kg3 1-0

[Event "PRO League Group Stage"]
[Site "chess.com INT"]
[Date "2020.01.09"]
[Round "1"]
[White "Lodici, Lorenzo"]
[Black "Spoelman, Wouter"]
[Result "1-0"]
[WhiteTitle "IM"]
[BlackTitle "GM"]
[WhiteElo "2477"]
[BlackElo "2578"]
[WhiteTeam "Italy Gladiators"]
[BlackTeam "Netherlands Mosquitoes"]
[WhiteFideId "884189"]
[BlackFideId "1010891"]
[EventDate "2020.01.06"]

1. f4 d5 2. Nf3 g6 3. g3 Bg7 4. Bg2 Nf6 5. O-O O-O 6. d3 c5 7. c3 Nc6 8. Na3 Re8
9. Nh4 h6 10. e4 e5 11. exd5 Nxd5 12. f5 g5 13. Nf3 Nce7 14. Qb3 Bxf5 15. Nxg5
hxg5 16. Rxf5 Nxf5 17. Bxd5 Nd6 18. Nc4 Nxc4 19. Qxc4 Qe7 20. Be3 Rac8 21. Rf1
Rf8 22. Qg4 Rcd8 23. Be4 f6 24. h4 Qd7 25. Bf5 Qe8 26. Bxc5 Rf7 27. hxg5 fxg5
28. Be6 Rd7 29. Rxf7 Rxf7 30. Qf5 b6 31. Bd6 g4 32. Qg6 a5 33. Bxe5 Qe7 34.
Bxf7+ Qxf7 35. Qxf7+ Kxf7 36. Bxg7 Kxg7 37. Kf2 1-0

[Event "PRO League Group Stage"]
[Site "chess.com INT"]
[Date "2020.01.09"]
[Round "1"]
[White "Valsecchi, Alessio"]
[Black "Admiraal, Miguoel"]
[Result "1-0"]
[WhiteTitle "GM"]
[BlackTitle "IM"]
[WhiteElo "2512"]
[BlackElo "2498"]
[WhiteTeam "Italy Gladiators"]
[BlackTeam "Netherlands Mosquitoes"]
[WhiteFideId "818860"]
[BlackFideId "1019716"]
[EventDate "2020.01.06"]

1. e4 c6 2. d4 d5 3. exd5 cxd5 4. Bd3 Nf6 5. Ne2 Bg4 6. O-O e6 7. c3 Nc6 8. Qe1
Bd6 9. Ng3 h5 10. f3 h4 11. Ne2 h3 12. g3 Bf5 13. Bxf5 exf5 14. Nf4+ Kf8 15. Nd3
Qc7 16. Bg5 Re8 17. Qf2 Nh5 18. f4 f6 19. Bh4 Ne7 20. Nd2 Ng6 21. Rae1 Rxe1 22.
Rxe1 Nxh4 23. gxh4 Rh6 24. Qe3 Qf7 25. Qxh3 Nxf4 26. Nxf4 Bxf4 27. Nf3 Qg6+ 28.
Kh1 Qg4 29. Qf1 Kg8 30. Qe2 Kh7 31. Rg1 Qh5 32. Qd3 Rg6 33. Rxg6 Kxg6 34. h3 Kh6
35. Qf1 Bg3 36. Qg2 Bxh4 37. Ng1 Bg5 38. Qxd5 Be3 39. Qf3 Qg5 40. Ne2 f4 41. Kh2
b6 42. c4 Qa5 43. d5 Qd2 44. Kg2 g5 45. Qg4 Kg6 46. h4 Qc2 47. hxg5 fxg5 48. Kf3
Qxc4 49. Qe6+ Kg7 50. Nc3 Qf1+ 51. Ke4 Qc4+ 52. Kf5 Qd3+ 53. Qe4 Qxe4+ 54. Nxe4
f3 55. Ke6 f2 56. Ng3 Kg6 57. d6 g4 58. b4 Bg5 59. b5 Bh4 60. d7 Bd8 61. a4 Kg5
62. Ne4+ Kh4 63. Nxf2 g3 64. Nd3 g2 65. Ne1 Kg3 66. Nxg2 Kxg2 67. Kf7 Kf3 68.
Ke8 Bf6 69. d8=Q Bxd8 70. Kxd8 Ke4 71. Kc7 Kd5 72. Kb7 Kc5 73. Kxa7 1-0

[Event "PRO League Group Stage"]
[Site "chess.com INT"]
[Date "2020.01.09"]
[Round "1"]
[White "Klein, David"]
[Black "Moroni, Luca Jr"]
[Result "1/2-1/2"]
[WhiteTitle "GM"]
[BlackTitle "GM"]
[WhiteElo "2495"]
[BlackElo "2532"]
[WhiteTeam "Netherlands Mosquitoes"]
[BlackTeam "Italy Gladiators"]
[WhiteFideId "1003623"]
[BlackFideId "865834"]
[EventDate "2020.01.06"]

1. e4 e5 2. Nf3 Nc6 3. Bb5 a6 4. Ba4 Nf6 5. O-O b5 6. Bb3 Be7 7. Re1 d6 8. c3
O-O 9. h3 Nb8 10. d4 Nbd7 11. Nbd2 Bb7 12. Bc2 Re8 13. Nf1 Bf8 14. Ng3 g6 15. a4
Nb6 16. d5 c6 17. dxc6 Bxc6 18. axb5 axb5 19. Rxa8 Qxa8 20. Bg5 Nfd7 21. Qd2 Nc4
22. Qc1 d5 23. Bh6 Bc5 24. Nh4 Qd8 25. Nf3 Qb6 26. Rf1 dxe4 27. Nxe4 Bxe4 28.
Bxe4 Nf6 29. Ng5 Rd8 30. Bb1 Nd2 31. Ba2 Nxf1 32. Nxf7 Ra8 33. Bb3 Ng3 34. Nxe5+
Kh8 35. Nf7+ Kg8 36. Ne5+ Kh8 37. Nf7+ Kg8 38. Ne5+ 1/2-1/2

[Event "PRO League Group Stage"]
[Site "chess.com INT"]
[Date "2020.01.09"]
[Round "1"]
[White "Ducarmon, Quinten"]
[Black "Moiseenko, Alexander"]
[Result "1/2-1/2"]
[WhiteTitle "IM"]
[BlackTitle "GM"]
[WhiteElo "2486"]
[BlackElo "2620"]
[WhiteTeam "Netherlands Mosquitoes"]
[BlackTeam "Italy Gladiators"]
[WhiteFideId "1025007"]
[BlackFideId "14102560"]
[EventDate "2020.01.06"]

1. e4 c5 2. Nf3 Nc6 3. Bb5 d6 4. O-O Bd7 5. Re1 Nf6 6. c3 a6 7. Bf1 Bg4 8. h3
Bxf3 9. Qxf3 e6 10. d3 Be7 11. Qd1 O-O 12. Nd2 d5 13. exd5 exd5 14. Nf3 h6 15.
g3 Re8 16. Bg2 Bd6 17. Bd2 Qd7 18. Rxe8+ Rxe8 19. Qf1 b5 20. Re1 c4 21. Rxe8+
Qxe8 22. Nh4 Ne5 23. Nf5 Bf8 24. dxc4 bxc4 25. Qe2 Bc5 26. b3 Kf8 27. Be3 Bxe3
28. Qxe3 Nd3 29. Qxe8+ Kxe8 30. Nxg7+ Kd7 31. bxc4 dxc4 32. Nf5 Nc1 33. Bf1 Nxa2
34. Bxc4 Nxc3 35. Bxa6 h5 36. Kg2 Ke6 37. Ng7+ Ke5 38. Bc4 Ncd5 39. Kf3 h4 40.
gxh4 Ne7 41. Bxf7 Nf5 42. Nxf5 Kxf5 43. Bb3 Nd7 44. Bc2+ Kf6 45. Kf4 Nc5 46. Bf5
Nb3 47. h5 Nd4 48. Bd3 Ne6+ 49. Kg4 Kg7 50. Kf5 Nd4+ 51. Kg5 Ne6+ 52. Kg4 Kh6
53. h4 Kg7 54. Bf5 Nd4 55. Be4 Kh6 56. Bd5 Ne2 57. Bf7 Nd4 58. Kf4 Nc6 59. Ke4
Ne7 60. Ke5 Kg7 61. Be8 Ng8 62. Ke6 Nh6 63. Ke7 Nf5+ 64. Ke6 Nxh4 65. f4 Kh6 66.
Kf6 Ng2 67. f5 Nh4 68. Ke5 Nxf5 69. Kxf5 Kg7 70. Kg5 1/2-1/2

[Event "PRO League Group Stage"]
[Site "chess.com INT"]
[Date "2020.01.09"]
[Round "1"]
[White "Mons, Leon"]
[Black "Forcen Esteban, Daniel"]
[Result "1-0"]
[WhiteTitle "GM"]
[BlackTitle "GM"]
[WhiteElo "2554"]
[BlackElo "2548"]
[WhiteTeam "Germany Bears"]
[BlackTeam "Spain Raptors"]
[WhiteFideId "4614950"]
[BlackFideId "2288230"]
[EventDate "2020.01.06"]

1. Nf3 g6 2. d4 Nf6 3. c4 Bg7 4. Nc3 O-O 5. e4 d6 6. Be2 e5 7. Be3 Ng4 8. Bg5 f6
9. Bh4 g5 10. Bg3 Nh6 11. dxe5 dxe5 12. Qd5+ Nf7 13. Rd1 Qe7 14. O-O c6 15. Qa5
Na6 16. a3 Be6 17. b4 Nd6 18. Nd2 Qc7 19. Qa4 c5 20. Nd5 Bxd5 21. cxd5 c4 22.
Rc1 Rfc8 23. Nxc4 Nxe4 24. Bd3 Nd6 25. Nxd6 Qxd6 26. Qb5 Rc7 27. Rxc7 Qxc7 28.
d6 Qxd6 29. Qxb7 Nc7 30. Qe4 h6 31. Qh7+ Kf8 32. Bc4 Ne6 33. h4 Rc8 34. Bb3 Rc3
35. Rd1 Qb6 36. Bxe6 Qxe6 37. Rd8+ Ke7 38. Rg8 gxh4 39. Qxg7+ Kd6 40. Rd8+ Kc6
41. Bxh4 1-0

[Event "PRO League Group Stage"]
[Site "chess.com INT"]
[Date "2020.01.09"]
[Round "1"]
[White "Kollars, Dmitrij"]
[Black "Sosa, Tomas ARG"]
[Result "1-0"]
[WhiteTitle "GM"]
[BlackTitle "IM"]
[WhiteElo "2592"]
[BlackElo "2508"]
[WhiteTeam "Germany Bears"]
[BlackTeam "Spain Raptors"]
[WhiteFideId "12909572"]
[BlackFideId "121576"]
[EventDate "2020.01.06"]

1. e4 c5 2. Nf3 Nc6 3. Bb5 Nf6 4. Bxc6 dxc6 5. d3 g6 6. h3 Bg7 7. Nc3 Qc7 8. Be3
b6 9. Qd2 h6 10. Bf4 Qd7 11. a4 Nh5 12. Be5 Bxe5 13. Nxe5 Qc7 14. Ng4 Nf4 15.
Ne3 Be6 16. Ne2 Nxe2 17. Qxe2 Qe5 18. c3 Rd8 19. O-O g5 20. a5 b5 21. Rad1 h5
22. Nc2 Qf6 23. f3 Bb3 24. Rd2 Qf4 25. Ne3 Qe5 26. Qf2 Qc7 27. d4 cxd4 28. cxd4
Qxa5 29. Rc1 Rh6 30. Nf5 Rg6 31. Qe3 Be6 32. Ng3 h4 33. Ne2 Bc4 34. b3 Bxe2 35.
Rxe2 Qb4 36. d5 cxd5 37. exd5 Kf8 38. Rc5 Kg7 39. Kh1 Rdd6 40. Qe5+ Rdf6 41.
Qxe7 Kh7 42. Rc7 Qxe7 43. Rexe7 Kg7 44. Rxa7 Rf4 45. Reb7 Rd6 46. Rxb5 Rd4 47.
Ra2 Rd1+ 48. Kh2 Kf6 49. Rb2 Rd8 50. Rb6+ Kf5 51. Rb7 f6 52. g4+ Kg6 53. Re7 Rc8
54. Kg2 Rxd5 55. Ree2 Rd3 56. Red2 Re3 57. b4 Rcc3 58. Rf2 Re6 59. b5 Rb6 60.
Rb4 Rc5 61. Rfb2 f5 62. Kf2 f4 63. Ke2 Re5+ 64. Kd2 Re3 65. R2b3 Re5 66. Kc3 Kf6
67. Kb2 Ke6 68. Ka3 Re1 69. Rc4 Kd5 70. Kb4 Rh1 71. Rd3+ Ke5 72. Rc5+ Ke6 73.
Rc6+ Rxc6 74. bxc6 Rc1 75. Kb5 Rb1+ 76. Kc5 Rc1+ 77. Kb6 Rb1+ 78. Ka7 Rc1 79.
Kb7 Rb1+ 80. Kc8 Ke7 81. c7 Rb5 82. Rd4 Rb1 83. Re4+ Kf7 84. Kd7 Rd1+ 85. Kc6
Rc1+ 86. Kd6 Rd1+ 87. Kc5 Rc1+ 88. Rc4 1-0

[Event "PRO League Group Stage"]
[Site "chess.com INT"]
[Date "2020.01.09"]
[Round "1"]
[White "Diaz Camallonga, Carles"]
[Black "Braun, Arik"]
[Result "1/2-1/2"]
[WhiteTitle "IM"]
[BlackTitle "GM"]
[WhiteElo "2474"]
[BlackElo "2605"]
[WhiteTeam "Spain Raptors"]
[BlackTeam "Germany Bears"]
[WhiteFideId "22235256"]
[BlackFideId "4663527"]
[EventDate "2020.01.06"]

1. e4 c6 2. Nf3 d5 3. Nc3 g6 4. d4 Bg7 5. h3 dxe4 6. Nxe4 Nf6 7. Nxf6+ exf6 8.
Bc4 O-O 9. O-O a5 10. a4 Na6 11. Bf4 Nc7 12. Re1 Nd5 13. Bg3 Be6 14. Bb3 Re8 15.
c3 Qd7 16. Nd2 f5 17. Be5 f6 18. Bh2 Bf8 19. Qf3 Bf7 20. Nc4 Rxe1+ 21. Rxe1 Re8
22. Rxe8 Qxe8 23. Qd1 Qd8 24. Qe2 f4 25. Qe4 g5 26. Bc2 Bg6 27. Qe6+ Kg7 28.
Bxg6 hxg6 29. Kf1 b5 30. Nd2 Qd6 31. Qxd6 Bxd6 32. c4 bxc4 33. Nxc4 Bc7 34. f3
Kf7 35. Ke2 Ke6 36. Bg1 Nb4 37. b3 Kd5 38. Kd2 Na6 39. Bf2 Nb4 40. Kc3 Na2+ 41.
Kc2 Nb4+ 42. Kd2 Na6 43. Kc3 Nb4 44. Be1 Bd8 45. Bd2 Bc7 46. Be1 Bd8 47. Bf2 Bc7
48. Be1 1/2-1/2

[Event "PRO League Group Stage"]
[Site "chess.com INT"]
[Date "2020.01.09"]
[Round "1"]
[White "Herrera Reyes, Jose Antonio"]
[Black "Korobov, Anton"]
[Result "0-1"]
[WhiteTitle "FM"]
[BlackTitle "GM"]
[WhiteElo "2304"]
[BlackElo "2685"]
[WhiteTeam "Spain Raptors"]
[BlackTeam "Germany Bears"]
[WhiteFideId "2274914"]
[BlackFideId "14105730"]
[EventDate "2020.01.06"]

1. Nf3 d5 2. g3 g6 3. Bg2 Bg7 4. d3 c5 5. h4 Nf6 6. Nc3 Nc6 7. Bg5 h6 8. Bf4 d4
9. Nb1 Ng4 10. Na3 e5 11. Bd2 O-O 12. O-O f5 13. e3 e4 14. Nh2 dxe3 15. Nxg4
exd2 16. Ne3 Bxb2 17. Nac4 Bxa1 18. Qxa1 exd3 19. Bd5+ Kh7 20. cxd3 Nd4 21. f4
Re8 22. Ne5 Be6 23. Bxb7 Rb8 24. Bg2 Qa5 25. h5 gxh5 26. Qd1 Rg8 27. Qxh5 Rxg3
28. N3g4 Nf3+ 29. Nxf3 Rxg4 30. Ng5+ Kg7 31. Nxe6+ Kf6 32. Qxh6+ Rg6 33. Qh7
d1=Q 34. Rxd1 Rxg2+ 35. Kxg2 Qxa2+ 36. Kf1 Qb3 37. Qh6+ Ke7 38. Qh7+ Kf6 39.
Qg7+ Kxe6 40. Re1+ Kd6 41. Qf6+ Kd5 42. Re5+ Kd4 43. Re7+ Kxd3 44. Qd6+ Kc4 45.
Qe6+ Kb4 46. Qe5 Qd1+ 47. Kf2 Qd4+ 48. Qxd4+ cxd4 49. Rxa7 Kc3 50. Ke2 d3+ 51.
Kf3 Re8 52. Rc7+ Kd2 0-1